[Event "Aktogay Masters"]
[Site "Aktogay"]
[Date "2019.05.14"]
[Round "6"]
[White "Kuznetsov, Andrei S"]
[Black "Vlassov, Nikolai"]
[Result "0-1"]
[WhiteElo "2261"]
[BlackElo "2393"]
[PlyCount "84"]
[EventDate "2019.05.11"]
[EventType "tourn"]
[EventRounds "9"]
[EventCountry "KAZ"]
[EventCategory "1"]
[SourceTitle "CBM 190 Extra"]
[Source "ChessBase"]
[SourceDate "2019.07.15"]
[SourceVersion "1"]
[SourceVersionDate "2019.07.15"]
[SourceQuality "1"]

1. e4 c5 2. Nf3 d6 3. c3 Nf6 4. h3 g6 5. Bd3 Bg7 6. 0-0 0-0 7. Bc2 Nc6 8. a3 e5 9. b4 c4 10. d4 cxd3 11. Bxd3 d5 12. Nbd2 Nxe4 13. Nxe4 dxe4 14. Bxe4 Be6 15. Qe2 Qc7 16. Re1 Ne7 17. Qb5 Rab8 18. Bg5 Bc4 19. Qc5 Qxc5 20. bxc5 f6 21. Nxe5 fxg5 22. Nxc4 Bxc3 23. Nd6 Bxa1 24. Rxa1 Nf5 25. Nxb7 Rbc8 26. c6 Nd4 27. Rd1 Ne2+ 28. Kh2 Nc3 29. Rd4 Nxe4 30. Rxe4 Rxc6 31. f3 Kf7 32. Ra4 a6 33. Na5 Re6 34. Nb3 Rc8 35. Nd2 h6 36. Ne4 Rb6 37. Rd4 Rc2 38. Nd6+ Kf6 39. Nc4 Re6 40. f4 h5 41. h4 gxf4 42. Rxf4+ Ke7 0-1

[Event "Aktogay Masters"]
[Site "Aktogay"]
[Date "2019.05.12"]
[Round "3"]
[White "Kuznetsov, Andrei S"]
[Black "Khusenkhojaev, Muhammad"]
[Result "0-1"]
[WhiteElo "2261"]
[BlackElo "2445"]
[PlyCount "90"]
[EventDate "2019.05.11"]
[EventType "tourn"]
[EventRounds "9"]
[EventCountry "KAZ"]
[EventCategory "1"]
[SourceTitle "CBM 190 Extra"]
[Source "ChessBase"]
[SourceDate "2019.07.15"]
[SourceVersion "1"]
[SourceVersionDate "2019.07.15"]
[SourceQuality "1"]

1. e4 e5 2. Nc3 Nf6 3. Bc4 Nc6 4. d3 Na5 5. Nge2 Bc5 6. Ng3 d6 7. h3 a6 8. a3 Nxc4 9. dxc4 Be6 10. Qd3 c6 11. a4 d5 12. cxd5 cxd5 13. exd5 Nxd5 14. Nh5 Bf8 15. 0-0 Nxc3 16. Qxc3 f6 17. Qf3 Bd5 18. Qg4 Qd7 19. Rd1 Qxg4 20. hxg4 Be6 21. f3 Bc5+ 22. Kf1 Kf7 23. Ng3 Rac8 24. Ne4 Be7 25. c3 h5 26. g5 Rhd8 27. Rxd8 Rxd8 28. gxf6 gxf6 29. Be3 Bc4+ 30. Kf2 f5 31. Nd2 Be6 32. f4 e4 33. Rh1 Kg6 34. Ke2 Bf6 35. g3 Bf7 36. Ra1 Kh6 37. Rh1 Rg8 38. Bf2 Rd8 39. Be3 Be8 40. Ra1 h4 41. Rh1 Bxa4 42. gxh4 Bb5+ 43. c4 Be8 44. Bf2 Bh5+ 45. Ke1 Rd3 0-1

[Event "Aktogay Masters"]
[Site "Aktogay"]
[Date "2019.05.11"]
[Round "1"]
[White "Kuznetsov, Andrei S"]
[Black "Suleymenov, Alisher"]
[Result "1/2-1/2"]
[WhiteElo "2261"]
[BlackElo "2435"]
[PlyCount "133"]
[EventDate "2019.05.11"]
[EventType "tourn"]
[EventRounds "9"]
[EventCountry "KAZ"]
[EventCategory "1"]
[SourceTitle "CBM 190 Extra"]
[Source "ChessBase"]
[SourceDate "2019.07.15"]
[SourceVersion "1"]
[SourceVersionDate "2019.07.15"]
[SourceQuality "1"]

1. e4 c5 2. Nf3 Nc6 3. c3 d5 4. exd5 Qxd5 5. d4 Bf5 6. Be3 e6 7. Qb3 0-0-0 8. Qxd5 Rxd5 9. Bc4 Rd7 10. dxc5 Nf6 11. Nbd2 Ng4 12. b4 Be7 13. h3 Nxe3 14. fxe3 Rhd8 15. Nd4 Bg5 16. Nf1 Be4 17. Rh2 a6 18. h4 Bf6 19. g4 Ne5 20. Be2 Ng6 21. h5 Ne7 22. Nd2 Bc6 23. Nc4 Nd5 24. Rc1 Kc7 25. Kf1 Bg5 26. Nxc6 bxc6 27. Rh3 Bf6 28. e4 Nf4 29. Rf3 Bg5 30. Rb1 g6 31. Nd6 Ra8 32. a4 f6 33. Bc4 Rg7 34. Rb2 gxh5 35. gxh5 Re7 36. Rh2 f5 37. Rhf2 Nxh5 38. exf5 exf5 39. Nxf5 Rd7 40. Nd4 Ng7 41. Rf7 Re8 42. Bxa6 Ree7 43. Rxg7 Rxg7 44. Ne6+ Kb8 45. Nxg7 Rxg7 46. Rf8+ Ka7 47. Bc4 Be7 48. Rf3 h5 49. Be6 Rg6 50. Bh3 Rf6 51. Bf5 h4 52. Kg2 Rf7 53. Kh3 Kb8 54. Kg4 Rg7+ 55. Kf4 Bf6 56. Rd3 Rg3 57. Rd6 Bg5+ 58. Ke5 h3 59. Rxc6 Re3+ 60. Kd5 h2 61. Rc8+ Ka7 62. Rh8 Bf4 63. Kc6 Re1 64. Rh7+ Kb8 65. Rh8+ Ka7 66. Rh7+ Kb8 67. Rh8+ 1/2-1/2